Obálka Náhled e-knihy:
PDF Epub
Pro půjčování e-knih musíte být přihlášeni.
Jak si půjčit online?

Krysař /

Básnická próza inspirovaná romantickým saským motivem ze 13. století.

Uloženo v:
Hlavní autor: Dyk, Viktor, 1877-1931 (Autor)
Médium: E-kniha
Jazyk:Czech
Vydáno: Praha : Dobrovský s.r.o., 2022
Edice:1400
Témata:
Tagy:
Žádné tagy
LEADER 02052nam a2200373 i 4500
001 312264
003 CZ PrSKC
005 20260601215719.0
007 ta
008 211221s2022 xr g 000 j cze
015 |a cnb003384432 
020 |a 9788027704743  |q (vázáno) 
035 |a (OCoLC)1378694997 
040 |a ABG001  |b cze  |e rda 
072 7 |a 821.162.3-3  |x Česká próza  |2 Konspekt 
080 |a 821.162.3-32  |2 MRF 
080 |a (0:82-32)  |2 MRF 
100 1 |a Dyk, Viktor,  |d 1877-1931  |7 jk01030247  |4 aut 
245 1 0 |a Krysař /  |c Viktor Dyk 
264 1 |a Praha :  |b Dobrovský s.r.o.,  |c 2022 
300 |a 101 stran ;  |c 21 cm 
336 |a text  |b txt  |2 rdacontent 
337 |a bez média  |b n  |2 rdamedia 
338 |a svazek  |b nc  |2 rdacarrier 
490 1 |a 1400 
520 2 |a Básnická próza inspirovaná romantickým saským motivem ze 13. století.  |b Potulný krysař na žádost občanů očistil hanzovní město Hammeln od krys. Když ale nedostal slíbenou odměnu, odvedl za trest jeho obyvatelům děti, aby z nich založil kolonii sedmihradských Sasů. Dykův krysař je romantický hrdina s tuláckým srdcem, který odvádí celé město do zkázy jako trest za zklamání v lásce. Propast na hoře Koppel je otevřena a v ní mizí celé hanzovní město, jehož obyvatelé nepochopili hrdinovu snahu o očistu ani velikost jeho lásky. Nakonec zmizí v propasti i krysař sám jako zosobnění lidské touhy po lásce i jako symbol věčného zklamání. 
655 7 |a české novely  |7 fd133969  |2 czenas 
655 9 |a Czech novellas  |2 eczenas 
830 0 |a 1400 
900 |a ABA001  |b 19 
044 |a xr 
910 |a RBIT002 
998 |d 395884  |a https://core.palmknihy.cz/api/books/395884/cover?s7nyjt  |b https://core.palmknihy.cz/api/books/395884/cover/400?s7nyjt  |c https://core.palmknihy.cz/api/books/395884/cover/50?s7nyjt  |e   |g 104  |i 9788027704743  |j https://core.palmknihy.cz/api/books/395884/preview.epub  |k https://core.palmknihy.cz/api/books/395884/preview.pdf  |l   |q 49  |r 1  |s https://www.palmknihy.cz/kniha/395884  |t ebook  |y 2023  |z 0 
999 |d 312262